Crises et conflits au XXe siècle (notice n° 1925189)

détails MARC
000 -LEADER
fixed length control field 01550cam a2200133 4500500
005 - DATE AND TIME OF LATEST TRANSACTION
control field 20260329023151.0
041 ## - LANGUAGE CODE
Language code of text/sound track or separate title fre
042 ## - AUTHENTICATION CODE
Authentication code dc
100 10 - MAIN ENTRY--PERSONAL NAME
Personal name Mongin, Dominique
Relator term author
245 00 - TITLE STATEMENT
Title Crises et conflits au XXe siècle
260 ## - PUBLICATION, DISTRIBUTION, ETC.
Name of publisher, distributor, etc. Armand Colin,<br/>
Date of publication, distribution, etc. 2014.<br/>
520 ## - SUMMARY, ETC.
Summary, etc. Qu’est-ce qu’une crise ? Qu’est-ce qu’un conflit ? Qu’est-ce qu’une guerre ? Cet ouvrage a pour vocation de répondre à ces questions, en se focalisant sur les grands événements qui ont marqué le XXe siècle.Si celui-ci est confronté à la pérennité d’anciennes formes de conflit, il se caractérise surtout par une rupture stratégique majeure : la « guerre totale ». Le phénomène de la guerre devient à ce point exacerbé qu’il ne distingue plus clairement les combattants des populations civiles. Cela concerne aussi bien l’apparition d’armes nouvelles (chimiques, nucléaires, cyber…) que les nouveaux modes d’affrontements : « guerre éclair », « guerre froide », « guerres asymétriques », terrorisme, etc. Parallèlement, le rôle des opinions publiques et des médias devient déterminant dans la manière de gérer les crises et les conflits, et d’en rendre compte.C’est donc une véritable typologie des crises et des conflits du XXe siècle qui est proposée ici, avec, à l’appui, des documents commentés (cartes, images, discours…) et des exemples de dissertations corrigées.
856 41 - ELECTRONIC LOCATION AND ACCESS
Uniform Resource Identifier <a href="https://shs.cairn.info/crises-et-conflits-au-xxe-siecle--9782200286484?lang=fr&redirect-ssocas=7080">https://shs.cairn.info/crises-et-conflits-au-xxe-siecle--9782200286484?lang=fr&redirect-ssocas=7080</a>

Pas d'exemplaire disponible.

PLUDOC

PLUDOC est la plateforme unique et centralisée de gestion des bibliothèques physiques et numériques de Guinée administré par le CEDUST. Elle est la plus grande base de données de ressources documentaires pour les Étudiants, Enseignants chercheurs et Chercheurs de Guinée.

Adresse

627 919 101/664 919 101

25 boulevard du commerce
Kaloum, Conakry, Guinée

Réseaux sociaux

Powered by Netsen Group @ 2025